| 000 | 00562nam a2200205 i 4500 | ||
|---|---|---|---|
| 001 | 65223 | ||
| 003 | ES-MaACL | ||
| 005 | 20230906165326.0 | ||
| 007 | t| | ||
| 008 | 040109s1986 fr ||||1| fre d | ||
| 020 | _a2-7073-1065-4 | ||
| 100 | 1 |
_aFranck, Didier. _952206 |
|
| 245 | 1 | 0 |
_aHeidegger et le problème de l'espace / _cDidier Franck. |
| 260 |
_aParís : _bLes Editions de Minuit, _c1986. |
||
| 300 |
_a132 p. ; _c22 cm. |
||
| 490 | 1 | _aArguments | |
| 830 | 0 |
_aArguments _9177474 |
|
| 852 |
_aES-MaACL _jL-10638 _bR.112452 |
||
| 999 |
_c65223 _d65223 |
||